000 00413nam a22001697a 4500
005 20180312141554.0
008 160524b xxu||||| |||| 00| 0 eng d
020 _a81-203-2101-4
041 _aeng
082 _b4675
_a332.6
100 _aSharpe, William F. and Others
_91164
245 _aInvestments
260 _aNew Delhi
_bAcademic Faundation
300 _a938
650 _aManagement
_9241
942 _cBK
999 _c1581
_d1580